000 00518nam a22001817a 4500
003 CEME
005 20210628202152.0
008 210226b xxu||||| |||| 00| 0 eng d
020 _a817-808-024-9
040 _c.
082 _a658.155 CHO
100 _aChong, Yen Yee Brown, Evelyn May
_958560
245 _aManaging project risk, business risk management for project leaders
260 _aNEW YORK
_bPRENTICE HALL
_c2000
300 _aXV,240P
650 _aRISK MANAGEMENT PROJECT RISK
_958561
942 _cBK
_2ddc
999 _c568734
_d568734